<?xml version="1.0" encoding="UTF-8"?>
<record
    xmlns:xsi="http://www.w3.org/2001/XMLSchema-instance"
    xsi:schemaLocation="http://www.loc.gov/MARC21/slim http://www.loc.gov/standards/marcxml/schema/MARC21slim.xsd"
    xmlns="http://www.loc.gov/MARC21/slim">

  <leader>01521nam0a22003371  4500</leader>
  <controlfield tag="001">v19\rc\1766853</controlfield>
  <controlfield tag="005">20260405173613.0</controlfield>
  <datafield tag="035" ind1=" " ind2=" ">
    <subfield code="a">(NLR Aleph) 004891073</subfield>
  </datafield>
  <datafield tag="090" ind1=" " ind2=" ">
    <subfield code="a">5271818</subfield>
    <subfield code="c">5271818</subfield>
  </datafield>
  <datafield tag="100" ind1=" " ind2=" ">
    <subfield code="a">20061204d1903    |||y0rusy50      ca</subfield>
  </datafield>
  <datafield tag="101" ind1="1" ind2=" ">
    <subfield code="a">rus</subfield>
    <subfield code="c">fre</subfield>
  </datafield>
  <datafield tag="102" ind1=" " ind2=" ">
    <subfield code="a">RU</subfield>
  </datafield>
  <datafield tag="105" ind1=" " ind2=" ">
    <subfield code="a">a b |||||</subfield>
  </datafield>
  <datafield tag="200" ind1="1" ind2=" ">
    <subfield code="a">50 &#x43A;&#x430;&#x440;&#x438;&#x43A;&#x430;&#x442;&#x443;&#x440; &#x41A;&#x430;&#x440;&#x430;&#x43D; &#x434;'&#x410;&#x448;&#x430; [&#x43F;&#x441;&#x435;&#x432;&#x434;.]</subfield>
  </datafield>
  <datafield tag="210" ind1=" " ind2=" ">
    <subfield code="a">&#x421;&#x430;&#x43D;&#x43A;&#x442;-&#x41F;&#x435;&#x442;&#x435;&#x440;&#x431;&#x443;&#x440;&#x433;</subfield>
    <subfield code="c">&#x442;&#x438;&#x43F;. &#x442;-&#x432;&#x430; &#x41C;.&#x41E;. &#x412;&#x43E;&#x43B;&#x44C;&#x444;</subfield>
    <subfield code="d">&#x446;&#x435;&#x43D;&#x437;. 1903</subfield>
  </datafield>
  <datafield tag="215" ind1=" " ind2=" ">
    <subfield code="a">[18] &#x441;.</subfield>
    <subfield code="c">&#x438;&#x43B;.</subfield>
    <subfield code="d">26</subfield>
  </datafield>
  <datafield tag="225" ind1="1" ind2=" ">
    <subfield code="a">&#x412;&#x435;&#x441;&#x435;&#x43B;&#x430;&#x44F; &#x431;&#x438;&#x431;&#x43B;&#x438;&#x43E;&#x442;&#x435;&#x43A;&#x430;</subfield>
    <subfield code="v">[&#x2116; 7]</subfield>
  </datafield>
  <datafield tag="309" ind1=" " ind2=" ">
    <subfield code="a">&#x411;&#x435;&#x437; &#x442;&#x438;&#x442;. &#x43B;.</subfield>
  </datafield>
  <datafield tag="327" ind1="1" ind2=" ">
    <subfield code="a">&#x421;&#x43E;&#x434;&#x435;&#x440;&#x436;.: &#x421;&#x43A;&#x430;&#x447;&#x43A;&#x430; &#x432; &#x43F;&#x443;&#x441;&#x442;&#x44B;&#x43D;&#x435;; &#x41D;&#x435;&#x43E;&#x431;&#x445;&#x43E;&#x434;&#x438;&#x43C;&#x43E;&#x435; &#x437;&#x43B;&#x43E;; &#x417;&#x430;&#x441;&#x442;&#x435;&#x43D;&#x447;&#x438;&#x432;&#x44B;&#x439; &#x436;&#x435;&#x43D;&#x438;&#x445;; &#x421;&#x432;&#x44F;&#x449;&#x435;&#x43D;&#x43D;&#x43E;&#x435; &#x43F;&#x43B;&#x430;&#x43C;&#x44F;; &#x414;&#x43E;&#x433;&#x430;&#x434;&#x43B;&#x438;&#x432;&#x44B;&#x439; &#x441;&#x43B;&#x43E;&#x43D;; &#x41F;&#x440;&#x435;&#x432;&#x440;&#x430;&#x449;&#x435;&#x43D;&#x438;&#x435;</subfield>
  </datafield>
  <datafield tag="464" ind1=" " ind2="0">
    <subfield code="1">2001#$a&#x421;&#x43A;&#x430;&#x447;&#x43A;&#x430; &#x432; &#x43F;&#x443;&#x441;&#x442;&#x44B;&#x43D;&#x435;$a&#x41D;&#x435;&#x43E;&#x431;&#x445;&#x43E;&#x434;&#x438;&#x43C;&#x43E;&#x435; &#x437;&#x43B;&#x43E;$a&#x417;&#x430;&#x441;&#x442;&#x435;&#x43D;&#x447;&#x438;&#x432;&#x44B;&#x439; &#x436;&#x435;&#x43D;&#x438;&#x445;$a&#x421;&#x432;&#x44F;&#x449;&#x435;&#x43D;&#x43D;&#x43E;&#x435; &#x43F;&#x43B;&#x430;&#x43C;&#x44F;$a&#x414;&#x43E;&#x433;&#x430;&#x434;&#x43B;&#x438;&#x432;&#x44B;&#x439; &#x441;&#x43B;&#x43E;&#x43D;$a&#x41F;&#x440;&#x435;&#x432;&#x440;&#x430;&#x449;&#x435;&#x43D;&#x438;&#x435;</subfield>
    <subfield code="t">&#x41F;&#x440;&#x435;&#x432;&#x440;&#x430;&#x449;&#x435;&#x43D;&#x438;&#x435;</subfield>
  </datafield>
  <datafield tag="532" ind1="1" ind2="1">
    <subfield code="a">&#x41F;&#x44F;&#x442;&#x44C;&#x434;&#x435;&#x441;&#x44F;&#x442; &#x43A;&#x430;&#x440;&#x438;&#x43A;&#x430;&#x442;&#x443;&#x440; &#x41A;&#x430;&#x440;&#x430;&#x43D; &#x434;'&#x410;&#x448;&#x430; &#x43F;&#x441;&#x435;&#x432;&#x434;&#x43E;&#x43D;&#x438;&#x43C;</subfield>
  </datafield>
  <datafield tag="700" ind1=" " ind2="1">
    <subfield code="8">rus</subfield>
    <subfield code="7">ca</subfield>
    <subfield code="a">&#x41F;&#x443;&#x430;&#x440;&#x435;</subfield>
    <subfield code="b">&#x42D;.</subfield>
    <subfield code="f">1859-1909</subfield>
    <subfield code="g">&#x42D;&#x43C;&#x43C;&#x430;&#x43D;&#x443;&#x44D;&#x43B;&#x44C;</subfield>
    <subfield code="3">RU\NLR\AUTH\7774970</subfield>
    <subfield code="9">57898</subfield>
  </datafield>
  <datafield tag="801" ind1=" " ind2="0">
    <subfield code="a">RU</subfield>
    <subfield code="b">NLR</subfield>
    <subfield code="g">psbo</subfield>
  </datafield>
  <datafield tag="801" ind1=" " ind2="0">
    <subfield code="a">RU</subfield>
    <subfield code="b">RuMoRGB</subfield>
    <subfield code="2">psbo</subfield>
  </datafield>
  <datafield tag="801" ind1=" " ind2="1">
    <subfield code="a">RU</subfield>
    <subfield code="b">ProSoft-M</subfield>
    <subfield code="2">rusmarc</subfield>
  </datafield>
  <datafield tag="801" ind1=" " ind2="2">
    <subfield code="a">RU</subfield>
    <subfield code="b">NLR</subfield>
    <subfield code="c">20170811</subfield>
    <subfield code="2">rusmarc</subfield>
  </datafield>
  <datafield tag="852" ind1=" " ind2=" ">
    <subfield code="a">NLR</subfield>
    <subfield code="j">19.90.7.6(&#x2116; 7)</subfield>
  </datafield>
  <datafield tag="899" ind1=" " ind2=" ">
    <subfield code="a">RuMoRGB</subfield>
    <subfield code="j">A 281/91 (&#x2116; 7-8)</subfield>
  </datafield>
  <datafield tag="899" ind1=" " ind2=" ">
    <subfield code="a">RuMoRGB</subfield>
    <subfield code="j">U 405/85</subfield>
  </datafield>
  <datafield tag="942" ind1=" " ind2=" ">
    <subfield code="c">BOOK</subfield>
  </datafield>
  <datafield tag="980" ind1=" " ind2=" ">
    <subfield code="a">NB</subfield>
  </datafield>
  <datafield tag="995" ind1=" " ind2=" ">
    <subfield code="5">2013-10-26</subfield>
    <subfield code="b">NLR02</subfield>
    <subfield code="c">NLR02</subfield>
    <subfield code="e">RFS</subfield>
    <subfield code="f">4891073-10</subfield>
    <subfield code="k">19.90.7.6(&#x2116; 7)</subfield>
    <subfield code="o">0</subfield>
    <subfield code="r">BOOK</subfield>
    <subfield code="s">199076_7</subfield>
  </datafield>
</record>
